000
00269nam a2200109Ia 4500
008
200302s9999 xx 000 0 und d
100
_a
William Seale
245
_a
Domestic Views
260
_b
The American Instute of Architects Press
260
_c
1992
300
_a
282 P.,
999
_c
1425
_d
1425